| 000 | 00349 a2200109 4500 | ||
|---|---|---|---|
| 001 | ART_5563 | ||
| 005 | 20260410161827.0 | ||
| 008 | 260409a | ||
| 245 | 1 | 0 | _aImplicancias económicas del cambio tecnológico |
| 100 | 1 | _aGallacher, Guillermo Marcos | |
| 773 | 0 |
_tEstudios Económicos _g- Vol. 4, Nº 7/8 (ene./dic. 1986) _wREV5080 |
|
| 999 |
_c22913 _d22913 |
||